Analýza prekážok podnikateľskej činnosti malých a stredných podnikov na Slovensku bakalárska práca

Saved in:
Bibliographic Details
Main Author: Kántor, René
Corporate Author: Obchodná fakulta EU. Katedra služieb a cestovného ruchu - zrušené
Other Authors: Strážovská, Helena
Format: Book
Language:Slovak
Published: Bratislava 2016
Tags: Add Tag
No Tags, Be the first to tag this record!

MARC

LEADER 00000nbm a2200000 4500
001 0218878
005 20170126132146.3
041 0 |a slo 
044 |a SK 
245 1 0 |a Analýza prekážok podnikateľskej činnosti malých a stredných podnikov na Slovensku  |b bakalárska práca  |c René Kántor ; školiteľ: Helena Strážovská 
264 1 |a Bratislava  |c 2016 
300 |a 44 s. 
100 1 |a Kántor, René 
700 1 |a Strážovská, Helena 
710 2 |a Obchodná fakulta EU. Katedra služieb a cestovného ruchu - zrušené